Trouvez le département de naissance de ces personnalités #4 - Statistiques

Statistiques générales
  • Ce quiz a été pris 12 fois
  • Le résultat moyen est 4 sur 15
Statistiques - réponses
Personnalités Département % Correct
Rémi Gaillard, Pierre-Joseph Cambon Hérault
82%
Edouard Leclerc, Dan Ar Braz Finistère
73%
Thibaut Pinot, Jacques de Molay Haute-Saône
45%
Jean Lannes, D'Artagnan Gers
36%
Michel de Montaigne, Pascal Obispo Dordogne
27%
Vincent Auriol, Jean-Etienne Esquirol Haute-Garonne
27%
Jacques de La Palice, Roger Walkowiak Allier
18%
Georges Jacques Danton, Jean-Marie Bigard Aube
18%
Fabre d'Eglantines, Charles Trenet Aude
18%
Lazare Carnot, Gustave Eiffel Côte-d'Or
18%
Louis Marie Turreau, Estéban Ocon Eure
18%
Jérôme Pétion de Villeneuve, Jacques Pierre Brissot Eure-et-Loir
18%
Christian Dior, Baptiste Lecaplain Manche
18%
Alfred Jarry, Le Douanier Rousseau Mayenne
18%
Samuel de Champlain, Jacques-Nicolas Billaud-Varenne Charente-Maritime
9%
Aucun quiz correspondant
Distribution des résultats
% des personnes avec chaque résultat
Percentile par nombre de réponses
Votre historique - résultats
Vous n’avez pas pris ce quiz